01534 a2200181 45000010006000000050017000060080041000230030015000640400040000790800052001192450032001712640057002033000032002605050992002920410008012841000024012927000036013165866220260407155842.0260407a1979 arg spa dAR-UNSa-BCEJYS aAR-UNSa-BCEJYSbspacAR-UNSa-BCEJYS a369(094.5)xLegislación de Previsión Social10aLeyes de previsión social 1aBuenos Aires :bEdiciones Contabilidad Modernac1979 a2 v. (516 ; 523 p.)c26 cm. a1. Constitución nacional y normas generales – 2. Régimen para trabajadores en relación de dependencia – 3. Régimen para trabajadores autónomos – 4. Normas reglamentarias generales – 5. Regímenes especiales – 6. Regímenes generales anteriores – 7. Afiliación y aportes – 8. Convenios de corresponsabilidad gremial – 9. Determinación, monto y pago de los beneficios – 10. Pensiones no contributivas – 11. Tramitación de los beneficios – 12. Régimen contencioso – 13. Retiros y pensiones militares y de fuerzas de seguridad – 14. Deudas con las cajas, moratorias. Planes de pago - 15. Servicios sociales, asignaciones familiares y subsidio por sepelio – 16. Fiscalización y sanciones – 17. Organización administrativa – 18. Cartas, declaraciones y convenciones internacionales – 19. Constitución y convenios de la organización internacional del trabajo – 20. Acuerdos internacionales de reciprocidad – 21. Jurisprudencia aspa1 aPodetti, Humbero A.1 aFernández Madrid, Juan Carlos